000 00675nam a2200289Ia 4500
005 20260324121238.0
008 008 260324s9999 xx 000 0 eng d
020 _a9781315216164
037 _aEBOOK
040 _aCRL
040 _beng
040 _cCRL
041 _2eng
041 _aeng
084 _qCRL
100 _aFred M. Dickey
_91161766
245 0 _aLaser Beam Shaping
245 0 _bTheory and Techniques, Second Edition
260 _bTaylor and Francis
260 _c2014
365 _a
365 _b600
856 _uhttp://www.taylorfrancis.com/books/9781315216164
942 _cEBOOK
999 _c1753744
_d1753744